Figure retoriche - Statistics

Statistiche generali
  • Questo quiz è stato fatto 77 volte
  • Il punteggio medio è 16 su 20
Statistiche sulle risposte
Hint Risposta % Corretto
Oggi mi sento forte come un leone Similitudine
93%
I prezzi sono schizzati alle stelle Iperbole
90%
L'ha sempre amata alla follia Iperbole
88%
Sentii un brivido caldo nelle vene Ossimoro
88%
Il suo silenzio assordante ci lascia attoniti Ossimoro
86%
Questa prugna è dolce come il miele Similitudine
86%
Il tempo è un fiume che non si ferma mai Metafora
83%
La vita è una corsa a ostacoli Metafora
83%
Sei furbo come una volpe Similitudine
83%
C'era una luce scura nei suoi occhi Ossimoro
81%
Mi sembra leggera come una piuma Similitudine
81%
La risata è musica per le orecchie Metafora
78%
Suo fratello è buono come il pane Similitudine
78%
La felicità è un raggio di sole nei giorni grigi
Metafora
76%
L'amore è un fuoco che arde nel cuore Metafora
76%
Sto morendo di fame, andiamo a pranzo Iperbole
75%
Una lucida follia guida le sue azioni Ossimoro
75%
Andiamo a pranzo, ho una fame da lupi Iperbole
69%
Dopo cena andremo a fare due passi Iperbole
61%
Mandami una stima esatta entro domani Ossimoro
49%
Nessun quiz corrispondente trovato
Distribuzione punteggi
Percentuale di utenti per punteggio
Percentile per numero di risposta
I tuoi punteggi nel tempo
Non hai fatto questo quiz